header

Brokering empire (Record no. 236524)

MARC details
000 -LEADER
fixed length control field 01999nam a2200373 a 4500
082 04 - DEWEY DECIMAL CLASSIFICATION NUMBER
Classification number 303.48/245311049618
100 1# - MAIN ENTRY--AUTHOR NAME
Personal name Rothman, E. Natalie
245 10 - TITLE STATEMENT
Title Brokering empire
260 ## - PUBLICATION, DISTRIBUTION, ETC. (IMPRINT)
Place of publication Ithaca :
Name of publisher Cornell University Press,
Year of publication 2012.
300 ## - PHYSICAL DESCRIPTION
Number of Pages xx, 323 p. :
Other physical details ill., map.
505 0# - FORMATTED CONTENTS NOTE
Formatted contents note Trans-imperial subjects as supplicants and as brokers -- Brokering commerce or making friends? -- Narrating transition -- Practicing conversion -- Making Venetian dragomans -- Articulating difference -- Levantines : genealogies of a category.
520 ## - SUMMARY, ETC.
Summary, etc "Explores how diplomatic interpreters, converts, and commercial brokers mediated and helped define political, linguistic, and religious boundaries between the Venetian and Ottoman empires in the sixteenth and seventeenth centuries."--Author's Web site.
856 40 - ELECTRONIC LOCATION AND ACCESS
Uniform Resource Identifier http://site.ebrary.com/lib/rucke/Doc?id=10518916

No items available.

© 2026 Rongo University
Contact us: librarian | system librarian | Rongo university